Loading...
| Fine Arts - Other | 0 | 5 | 0 | 1 | 50 | 43 | 76.00 | 2 | 5 | 16.66 | 40.83 |
| Fine Arts - Classical Music | 0 | 4 | 0 | 2 | 40 | 91 | 110.25 | 0 | 3 | 2.82 | 19.05 |
| Fine Arts - Painting and Sculpture | 0 | 4 | 0 | 0 | 40 | 32 | 56.00 | 1 | 4 | 21.10 | 31.90 |
| History - World | 0 | 2 | 0 | 0 | 20 | 96 | 96.00 | 0 | 1 | 1.62 | 8.33 |
| History - Other | 0 | 2 | 0 | 1 | 20 | 14 | 58.00 | 1 | 2 | 8.78 | 10.83 |
| Literature - European | 0 | 2 | 0 | 0 | 20 | 102 | 112.50 | 0 | 0 | 1.37 | 7.86 |
| Literature - American | 0 | 1 | 0 | 0 | 10 | 67 | 67.00 | 0 | 1 | 4.02 | 5.00 |
| Science - Physics | 0 | 1 | 0 | 1 | 10 | 108 | 108.00 | 0 | 1 | 0.00 | 2.50 |
| History - American | 0 | 1 | 0 | 0 | 10 | 73 | 73.00 | 0 | 1 | 4.16 | 8.33 |
| Popular Culture | 0 | 0 | 0 | 0 | 0 | 0.00 | 0 | 0 | 0.00 | 0.00 |